书目信息 |
| 题名: |
高分子材料注射成型GAE理论及应用
|
|
| 作者: | 谢鹏程 编著 | |
| 分册: | ||
| 出版信息: | 北京 化学工业出版社 2009.01 |
|
| 页数: | 202页 | |
| 开本: | 26cm | |
| 丛书名: | ||
| 单 册: | ||
| 中图分类: | TQ320.66 | |
| 科图分类: | ||
| 主题词: | 合成树脂--化学工业 , 塑料工业 | |
| 电子资源: | ||
| ISBN: | 978-7-122-03442-7 | |
| 000 | 00656nam0 2200205 450 | |
| 001 | 0931829924 | |
| 005 | 20091217085201.10 | |
| 010 | @a978-7-122-03442-7@dCNY38.00 | |
| 100 | @a20091217d2009 km y0chiy0120 ea | |
| 101 | 0 | @achi |
| 102 | @aCN@b110000 | |
| 200 | 1 | @a高分子材料注射成型GAE理论及应用@Agao fen zi cai liao zhu she cheng xing GAE li lun ji ying yong@f谢鹏程等编著@Fxie peng cheng deng bian zhu |
| 210 | @a北京@c化学工业出版社@d2009.01 | |
| 215 | @a202页@d26cm | |
| 606 | 0 | @a合成树脂@x化学工业 |
| 606 | 0 | @a塑料工业 |
| 690 | @aTQ320.66@v4 | |
| 701 | 0 | @a谢鹏程@Axie peng cheng@4编著 |
| 801 | 0 | @aCN@bNISOFT@c20091217 |
| 905 | @aBZT@dTQ320.66@e2 | |
| 高分子材料注射成型GAE理论及应用/谢鹏程等编著.-北京:化学工业出版社,2009.01 |
| 202页;26cm |
| ISBN 978-7-122-03442-7:CNY38.00 |
| ● |
| 相关链接 |
|
|
|
正题名:高分子材料注射成型GAE理论及应用
索取号:TQ320.66/2
 
预约/预借
| 序号 | 登录号 | 条形码 | 馆藏地/架位号 | 状态 | 备注 |
| 1 | 728103 | 2000728103 | 样本书库/样007架A面2层3列/ [索取号:TQ320.66/2] | 在馆 | |
| 2 | 728104 | 2000728104 | 中心书库中库/ 中库026架A面7列2层20/ [索取号:TQ320.66/2] | 在馆 | |
| 3 | 728105 | 2000728105 | 中心书库中库/ 中库026架A面7列2层16/ [索取号:TQ320.66/2] | 在馆 | |
| 4 | 728106 | 2000728106 | 中心书库中库/ 中库026架A面7列2层17/ [索取号:TQ320.66/2] | 在馆 | |
| 5 | 728107 | 2000728107 | 中心书库中库/ 中库026架A面7列2层18/ [索取号:TQ320.66/2] | 在馆 | |
| 6 | 728108 | 2000728108 | 中心书库中库/ 中库026架A面7列2层19/ [索取号:TQ320.66/2] | 在馆 |